| 000 | 00590nam a2200193 a 4500 | ||
|---|---|---|---|
| 001 | 80208 | ||
| 003 | BD-RjUL | ||
| 005 | 20220821094943.0 | ||
| 008 | 220821s1954 pk ||||| |||| 00| 0 ur d | ||
| 035 | _a(BD-RjUL)80208 | ||
| 040 |
_aBD-RjUL _beng _cBD-RjUL |
||
| 041 | _aurd | ||
| 082 |
_223 _a891.43909 _bSAA 1954 |
||
| 100 |
_a[ Sarwar, Al Ahmed] ;;; سروار, ال احمد _94414 |
||
| 245 | 1 | 0 |
_a اداب اور نظرية ;;; [adab awar nazaria] / _cAl Ahmad Sarwar ;;; []ال احمد سروار |
| 300 |
_a296 p. ; _c19 cm |
||
| 650 | _aUrdu Literature | ||
| 942 |
_2ddc _cBK |
||
| 999 |
_c80208 _d80208 |
||